Μελέτη αποκαταστάσεως βορείου τοίχου του Παρθενώνος
Saved in:
| Main Author: | |
|---|---|
| Corporate Author: | |
| Other Authors: | |
| Format: | Book |
| Language: | Greek |
| Published: |
Αθήνα :
Υπουργείο Πολιτισμού. Επιτροπή Συντηρήσεως Μνημείων Ακροπόλεως,
2002
|
| Subjects: | |
| Tags: |
Add Tag
No Tags, Be the first to tag this record!
|
MARC
| LEADER | 00000cam a2200000 i 4500 | ||
|---|---|---|---|
| 001 | 1/31230 | ||
| 008 | 060619s2002 gre d | ||
| 035 | |l 10084351 | ||
| 040 | |a GR-MY-UA |b gre |e aacr | ||
| 041 | 0 | |a gre | |
| 082 | 0 | |a 722.809385 |2 (22) | |
| 100 | 1 | |a Τογανίδης, Νίκος. | |
| 245 | 1 | 0 | |a Μελέτη αποκαταστάσεως βορείου τοίχου του Παρθενώνος / |c Νίκος Τογανίδης, Κλεοπάτρα Ματάλα |
| 246 | 3 | 3 | |a Μελέτη αποκαταστάσεως του Παρθενώνος |
| 260 | |a Αθήνα : |b Υπουργείο Πολιτισμού. Επιτροπή Συντηρήσεως Μνημείων Ακροπόλεως, |c 2002 | ||
| 300 | |a 16 σ.; |b εικ., σχεδ., πιν.; |c 31 εκ. | ||
| 500 | |a Το βιβλίο αυτό είναι υποδιαίρεση του πολύτομου με τίτλο: "Μελέτη αποκαταστάσεως του Παρθενώνος" | ||
| 610 | 2 | 0 | |a Parthenon (Athens, Greece) |
| 650 | 0 | 0 | |a Temples |z Greece |z Athens |x Conservation and restoretion. |
| 650 | 0 | 0 | |a Monuments |x Conservation and restoration |z Greece |z Athens. |
| 650 | 0 | 0 | |a Architecture, Classical |z Greece |z Athens. |
| 650 | 0 | 0 | |a Architecture, Greek |z Greece |z Athens. |
| 651 | 0 | |a Athens (Greece) |x Antiquities. | |
| 700 | 1 | |a Ματάλα, Κλεοπάτρα. | |
| 710 | 1 | |a Ελλάς. |b Υπουργείο Πολιτισμού. |b Υπηρεσία Συντηρήσης Μνημείων Ακροπόλεως. | |
| 852 | |a INST |b LESVOS |e 20060619 |h 722.809385 ΤΟΓ |p 005100036118 |q 005100036118 |t BK |y 0 | ||
| 901 | |a BIBL1-2006-2 | ||
| 970 | |a ΚΑΡΑ |b ΓΙΑΣΕΜΗ |z 2006/06/19 | ||